书目信息 |
| 题名: |
书法离钩
|
|
| 作者: | 潘之淙 撰 | |
| 分册: | ||
| 出版信息: | 北京 中国书店 2018 |
|
| 页数: | 258页 | |
| 开本: | 27cm | |
| 丛书名: | 钦定四库全书 | |
| 单 册: | ||
| 中图分类: | J292.112.6 | |
| 科图分类: | ||
| 主题词: | 书法理论--中国--明代 | |
| 电子资源: | ||
| ISBN: | 978-7-5149-2068-0 | |
| 000 | 00991oam2 2200289 450 | |
| 001 | 012001011848 | |
| 005 | 20141123104148.0 | |
| 010 | @a978-7-5149-2068-0@dCNY58.00 | |
| 100 | @a20181129e2018 em y0chiy50 ea | |
| 101 | 0 | @achi |
| 102 | @aCN@b110000 | |
| 105 | @ay z 000yy | |
| 106 | @ar | |
| 200 | 1 | @a书法离钩@9shu fa li gou@f(明)潘之淙撰 |
| 205 | @a[影印本] | |
| 210 | @a北京@c中国书店@d2018 | |
| 215 | @a258页@d27cm | |
| 225 | 1 | @a钦定四库全书@i子部 |
| 300 | @a四库全书·艺术类 | |
| 330 | @a本书共十卷,明潘之淙撰。是书薈萃旧说,各以类从。大旨谓书家笔笔有法,必深於法而后可与离法,又必超於法而后可与进法。书中知道从性诸篇,皆言不法而法,法而不法之意。其中考论六书,如籀文与古文、大篆皆小异,故说文序云,新莽谓之奇字。 | |
| 461 | 0 | @12001 @a钦定四库全书 |
| 462 | 0 | @12001 @a子部 |
| 606 | 0 | @a书法理论@y中国@z明代 |
| 690 | @aJ292.112.6@v5 | |
| 701 | 0 | @c(明)@a潘之淙@9pan zhi cong@4撰 |
| 801 | 0 | @aCN@b上海新华@c20191020 |
| 905 | @b1184527-30@dJ292.112.6@e632@f4 | |
| 书法离钩/(明)潘之淙撰.-[影印本].-北京:中国书店,2018 |
| 258页;27cm.-(钦定四库全书.子部) |
| 四库全书·艺术类 |
| ISBN 978-7-5149-2068-0:CNY58.00 |
| 本书共十卷,明潘之淙撰。是书薈萃旧说,各以类从。大旨谓书家笔笔有法,必深於法而后可与离法,又必超於法而后可与进法。书中知道从性诸篇,皆言不法而法,法而不法之意。其中考论六书,如籀文与古文、大篆皆小异,故说文序云,新莽谓之奇字。 |
| ● |
| 相关链接 |
|
|
|
|
正题名:书法离钩
索取号:J292.112.6/632
 
预约/预借
| 序号 | 登录号 | 条形码 | 馆藏地/架位号 | 状态 | 备注 |
| 1 | 1184527 | 211845271 | 第一样本阅览室/ [索取号:J292.112.6/632] | 在馆 | |
| 2 | 1184528 | 211845280 | 第一借阅区/ [索取号:J292.112.6/632] | 在馆 | |
| 3 | 1184529 | 211845299 | 第一借阅区/ [索取号:J292.112.6/632] | 在馆 | |
| 4 | 1184530 | 211845306 | 第一借阅区/ [索取号:J292.112.6/632] | 在馆 |